[Event "23rd Hampstead: U2200"]
[Site "London, England"]
[Date "2014.11.30"]
[Round "5"]
[White "Brozel, Sacha"]
[Black "Misyura, Ilya"]
[Result "1-0"]
[WhiteElo "1799"]
[BlackElo "1644"]

1. c4 Nf6 2. g3 g6 3. Bg2 Bg7 4. Nc3 O-O 5. e4 d6 6. Nge2 e5 7. d3 Be6 8. O-O
Nc6 9. Nd5 Ne7 10. Bg5 Nexd5 11. cxd5 Bd7 12. d4 h6 13. dxe5 hxg5 14. exf6
Bxf6 15. Nd4 Kg7 16. f4 gxf4 17. Rxf4 Rh8 18. Qd3 Be5 19. Rf2 Bh3 20. Raf1 Qd7
21. Bxh3 Rxh3 22. Rxf7+ Qxf7 23. Ne6+ Qxe6 24. dxe6 Rah8 25. Qf3 Bd4+ 26. Rf2
Bxf2+ 27. Qxf2 Rf8 28. Qd4+ Kg8 29. e7 Re8 30. Qf6 Rh6 31. g4 {#r} 1-0

[Event "23rd Hampstead: U2200"]
[Site "London, England"]
[Date "2014.11.30"]
[Round "5"]
[White "Bisereko Pafura Godfrey"]
[Black "Pepe, Salvatore"]
[Result "1-0"]
[WhiteElo "2109"]
[BlackElo "1688"]

1. d4 g6 2. c4 Bg7 3. Nc3 d6 4. e4 c5 5. Nf3 cxd4 6. Nxd4 Nc6 7. Be3 Nf6 8.
Be2 Bd7 9. O-O O-O 10. Kh1 Qc8 11. f3 Ne5 12. Qb3 h5 13. Rac1 b6 14. Nd5 Re8
15. Nb5 Nc6 16. Ndc7 Na5 17. Qd1 h4 18. Nxa8 Bxb5 19. Nxb6 axb6 20. cxb5 Qd8
21. b4 Nb7 22. Rc6 Nd7 23. Qa4 f5 24. exf5 gxf5 25. Rfc1 e5 26. Rc7 f4 27. Qa7
Qg5 28. Rxd7 h3 29. gxh3 fxe3 30. Rg1 Qh4 31. Qxb7 {#r} 1-0

[Event "23rd Hampstead: U2200"]
[Site "London, England"]
[Date "2014.11.30"]
[Round "5"]
[White "Grieve, Harry"]
[Black "Rubandhas, Samprabhu"]
[Result "1-0"]
[WhiteElo "1882"]
[BlackElo "1682"]

1. e4 e6 2. d4 d5 3. exd5 exd5 4. Nf3 Bd6 5. h3 Ne7 6. c4 c6 7. Nc3 O-O 8. Be2
Be6 9. Qb3 Nd7 10. O-O Qc8 11. Bd2 Nf6 12. c5 Bc7 13. Bg5 Kh8 14. Nh2 Bxh3 15.
gxh3 Qxh3 16. f4 h6 17. Bxf6 gxf6 18. Rf2 Bxf4 19. Nd1 Rg8+ 20. Kh1 Qh4 21.
Qd3 Rg3 22. Qc2 Rag8 23. Nc3 Rh3 24. Bf1 Rxh2+ 25. Rxh2 Qg4 26. Bh3 Qf3+ 27.
Bg2 Qg3 28. Rh3 Qg4 29. Qe2 Qg5 30. Qf3 Nf5 31. Rd1 Nh4 32. Rxh4 Qxh4+ 33. Qh3
Qf2 34. Rf1 Qxd4 35. Ne2 Qxb2 36. Nxf4 Kg7 37. Nh5+ Kf8 38. Qc8+ {#r} 1-0

[Event "23rd Hampstead: U2200"]
[Site "London, England"]
[Date "2014.11.30"]
[Round "5"]
[White "Sartain, Patrick P"]
[Black "Finnegan, Oliver"]
[Result "0-1"]
[WhiteElo "1622"]
[BlackElo "1760"]

1. e4 e6 2. f4 d5 3. e5 c5 4. Nf3 Nc6 5. Be2 Nh6 6. c3 Be7 7. O-O Qb6 8. Kh1
O-O 9. a3 a5 10. d4 cxd4 11. cxd4 Nf5 12. Nc3 Ncxd4 13. Nxd4 Qxd4 14. Qc2 f6
15. Rf3 fxe5 16. g4 e4 17. Rh3 Nh4 18. Be3 Qf6 19. g5 Qf5 20. Rxh4 Bd7 21. Bg4
Qf7 22. Rg1 Rac8 23. Qd2 Bc6 24. Bd4 Bd6 25. Be5 Bxe5 26. fxe5 d4 27. Qxd4 e3+
28. Ne4 e2 29. Bxe2 Rcd8 30. Qe3 Qf5 31. Rf1 Qxe5 32. Rxf8+ Rxf8 33. Kg1 Qxb2
34. Nf6+ gxf6 35. Qxe6+ Kh8 36. Rxh7+ Kxh7 37. Qh3+ Kg8 38. Bc4+ Rf7 39. Bxf7+
Kxf7 40. Qh7+ Ke6 41. Qg8+ Kd6 42. Qd8+ Kc5 43. Qxa5+ Kc4 44. Qb4+ Qxb4 45.
axb4 fxg5 46. Kf2 g4 47. Kg3 Bf3 48. h4 gxh3 49. Kxf3 Kxb4 {#R} 0-1

[Event "23rd Hampstead: U2200"]
[Site "London, England"]
[Date "2014.11.30"]
[Round "5"]
[White "Jain, Gautam"]
[Black "Verma, Aditya"]
[Result "1-0"]
[WhiteElo "1755"]
[BlackElo "1611"]

1. e4 e6 2. d4 d5 3. e5 c5 4. Nf3 Nc6 5. Bd3 Qb6 6. O-O Nxd4 7. Nxd4 cxd4 8.
Nd2 Ne7 9. Re1 Nc6 10. a3 Bd7 11. b4 a5 12. b5 Na7 13. Rb1 a4 14. Nf3 Bc5 15.
Bb2 Bxb5 16. Bxd4 Bxd4 17. Nxd4 Qxd4 18. Rxb5 Nc6 19. Rxb7 O-O 20. Rb4 Qc5 21.
Bxh7+ Kxh7 22. Rh4+ Kg8 23. Qh5 f6 24. Qh7+ Kf7 25. exf6 Kxf6 26. Rf4+ Kg5 27.
h4+ Kxf4 28. g3+ Kg4 29. Qg6+ Kf3 30. Qh5# 1-0

[Event "23rd Hampstead: U2200"]
[Site "London, England"]
[Date "2014.11.30"]
[Round "5"]
[White "Gribben, Chris"]
[Black "Davies, Cledwyn"]
[Result "0-1"]
[WhiteElo "1617"]
[BlackElo "1727"]

1. e4 d5 2. exd5 Qxd5 3. Nc3 Qd8 4. d4 Nf6 5. Bc4 Bg4 6. f3 Bf5 7. Nge2 e6 8.
Ng3 Bg6 9. Bg5 Be7 10. Qd2 Nbd7 11. O-O-O c6 12. h4 h6 13. Be3 Nb6 14. Bb3
Nbd5 15. Nxd5 Nxd5 16. Bxd5 cxd5 17. Ne2 Rc8 18. c3 Qa5 19. a3 Rc4 20. Nf4 Bh7
21. Nd3 Bxa3 22. bxa3 Rxc3+ 23. Kb1 Bxd3+ 24. Ka1 Rxa3+ 25. Kb2 Ra2+ {#R} 0-1

[Event "23rd Hampstead: U2200"]
[Site "London, England"]
[Date "2014.11.30"]
[Round "5"]
[White "Oliveri, Claudio"]
[Black "Murugesh, Kishore"]
[Result "0-1"]
[WhiteElo "1708"]
[BlackElo "1360"]

1. e4 e5 2. Nf3 Nc6 3. Bb5 Nf6 4. Qe2 d6 5. h3 a6 6. Ba4 b5 7. Bb3 Be7 8. c3
O-O 9. O-O Be6 10. d3 Qd7 11. Ng5 h6 12. Nxe6 fxe6 13. f4 exf4 14. Bxf4 d5 15.
e5 Nh7 16. Qg4 Bg5 17. g3 Rf5 18. Na3 Nxe5 19. Rad1 Nxg4 {#R} 0-1

[Event "23rd Hampstead: U2200"]
[Site "London, England"]
[Date "2014.11.30"]
[Round "5"]
[White "Pride, Stephen"]
[Black "Remus Eliot, Luke"]
[Result "1-0"]
[WhiteElo "1708"]
[BlackElo "1423"]

1. e4 c5 2. Na3 Nc6 3. Bb5 g6 4. c3 Bg7 5. f4 Nf6 6. Qe2 O-O 7. Nf3 Qc7 8. d3
a6 9. Bxc6 Qxc6 10. O-O b5 11. Bd2 d6 12. Rfe1 Bg4 13. Rac1 Qb6 14. Be3 a5 15.
h3 Bxf3 16. Qxf3 b4 17. Nc4 Qc7 18. d4 Nd7 19. Qf2 cxd4 20. cxd4 Qb7 21. Nd2
Rac8 22. Qf1 Rxc1 23. Rxc1 Rc8 24. Rxc8+ Qxc8 25. Qc4 Qb7 26. b3 Nf6 27. d5
Nd7 28. Qc6 Qb8 29. Qxd7 Bc3 30. Nc4 Qa8 31. Qxe7 a4 32. Qa7 Qd8 33. Qxa4 Qe7
34. Qa8+ Kg7 35. e5 dxe5 36. fxe5 Bxe5 37. Qc6 Bg3 38. Qc5 Qd7 39. Bd4+ Kh6
40. Ne3 f5 41. Qxb4 Qe8 42. Qd2 Kh5 43. Qe2+ Kh6 44. Nxf5+ gxf5 45. Qxe8 f4
46. Qe6+ Kg5 47. Qg4+ Kh6 48. Bg7# 1-0

[Event "23rd Hampstead: U2200"]
[Site "London, England"]
[Date "2014.11.30"]
[Round "5"]
[White "Winter, Malcolm J"]
[Black "Woltery, Nicolai"]
[Result "0-1"]
[WhiteElo "1538"]
[BlackElo "1738"]

1. d4 d5 2. Nf3 Nf6 3. e3 Bf5 4. Nh4 Bg6 5. Nd2 e6 6. Nxg6 hxg6 7. Bd3 Bd6 8.
Nf3 Nbd7 9. c3 c6 10. Qe2 Qc7 11. g3 Rc8 12. b4 b5 13. a4 Ra8 14. Bb2 bxa4 15.
Rxa4 O-O 16. O-O Rfb8 17. Rfa1 Ne8 18. e4 Nb6 19. Ra6 Nc8 20. exd5 cxd5 21.
Ne5 Rb6 22. Rxb6 Nxb6 23. Bb5 Nf6 24. Nd3 Nc4 25. Nc5 Nxb2 26. Qxb2 Bxc5 27.
dxc5 Rb8 28. Qe2 Ne4 29. Ra3 a5 30. Qd3 axb4 31. cxb4 Qb7 32. Ra5 Qc7 33. Qa3
Rb7 34. Ra8+ Kh7 35. Qa6 Nc3 36. Bd3 Rxb4 37. Rc8 Qe5 38. Qd6 Qe1+ 39. Kg2 Ne4
40. Qf4 Nf6 41. Qe3 Qxe3 42. fxe3 Rb3 43. Bf1 Ne4 44. c6 Rb2+ 45. Kg1 Rb6 46.
c7 Rc6 47. Bb5 Rc5 48. Rf8 Rxc7 49. Kg2 g5 50. Bd3 Kg6 51. Bxe4+ dxe4 52. Rd8
Rc3 53. Kf2 Rc2+ 54. Kg1 Re2 55. Rd4 f5 56. g4 Rxe3 57. gxf5+ Kxf5 58. Rd7 Rd3
59. Rxg7 Kg4 60. Re7 Kf3 61. Rf7+ Ke3 62. Rf6 Rd1+ 63. Kg2 Kd3 64. Rxe6 e3 65.
Rd6+ Ke2 66. Re6 Rd3 67. Re5 Kd2 68. Kf1 Rd4 69. Re6 Rf4+ 70. Kg2 e2 71. Rd6+
Ke3 72. Re6+ Re4 73. Rxe4+ Kxe4 74. Kf2 Kd3 75. Ke1 g4 {#R} 0-1

[Event "23rd Hampstead: U2200"]
[Site "London, England"]
[Date "2014.11.30"]
[Round "5"]
[White "Wu, Haotian"]
[Black "Seman, Myroslav"]
[Result "1-0"]
[WhiteElo "1674"]
[BlackElo "1471"]

1. d4 f5 2. Bg5 h6 3. Bh4 g5 4. Bg3 Nf6 5. e3 Bg7 6. Bc4 d5 7. Bd3 e6 8. Nf3
Nbd7 9. O-O O-O 10. c4 c6 11. Nbd2 Ne4 12. c5 b6 13. b4 a5 14. a3 axb4 15.
axb4 Rxa1 16. Qxa1 bxc5 17. bxc5 Ndxc5 18. Qa3 Nxd3 19. Qxd3 Qa5 20. Nb3 Qc3
21. Nc5 Qxd3 22. Nxd3 Ba6 23. Rd1 Bxd3 24. Rxd3 Rc8 25. Be5 Bf8 26. Nd2 c5 27.
Nxe4 fxe4 28. Rc3 c4 29. f4 Bb4 30. Rc2 c3 31. fxg5 hxg5 32. Bg3 Ra8 33. Be1
Ra3 34. Rc1 Rb3 35. Kf1 Kg7 36. Kg1 g4 37. Kf1 Kg6 38. Kg1 Kf5 39. Kf1 e5 40.
dxe5 Kxe5 41. Bg3+ Kf5 42. Be1 Ke6 43. h4 gxh3 44. gxh3 c2 45. Bxb4 Rb1 46.
Bd2 Kf5 47. Ke2 Rb2 48. Bc3 Ra2 49. Kd2 Ra6 50. Rxc2 Rh6 51. Bd4 Rxh3 52. Kc3
Kg4 53. Kb4 Rh7 54. Rb2 Rc7 55. Kb3 Rb7+ 56. Kc2 Rc7+ 57. Kd2 Kf3 58. Rb5 Rd7
59. Rb6 Kg4 60. Kc3 Kf3 61. Kb4 Ke2 62. Kc5 Kd3 63. Rd6 Rc7+ 64. Kxd5 Rc4 65.
Ke5 Ra4 66. Kf4 Rc4 67. Be5+ Ke2 68. Rd4 Rc8 69. Kxe4 Re8 70. Ra4 Rg8 71. Ra2+
Kd1 72. Kd5 Rd8+ 73. Bd6 Rh8 74. e4 Rh3 75. e5 Rd3+ 76. Ke6 Rh3 77. Kd7 Rh7+
78. Be7 Rh3 79. e6 Rh7 80. Rg2 Ke1 81. Ke8 Rh3 82. Bf8 Rf3 83. e7 Kf1 84. Rd2
Ke1 85. Rd6 Ra3 86. Kf7 {#r} 1-0

[Event "23rd Hampstead: U2200"]
[Site "London, England"]
[Date "2014.11.30"]
[Round "5"]
[White "Covey, Jason"]
[Black "Baroukh, Leon"]
[Result "1-0"]
[WhiteElo "1538"]
[BlackElo "1605"]

1. e4 e5 2. Nf3 Nf6 3. Nxe5 Qe7 4. d4 d6 5. Nf3 Qxe4+ 6. Be2 Bf5 7. c3 Be7 8.
O-O O-O 9. Re1 Qc2 10. Qxc2 Bxc2 11. Na3 Be4 12. Ng5 Bc6 13. Bc4 Bd8 14. Bd2
h6 15. Nh3 g5 16. Re3 d5 17. Bd3 Ne4 18. Be1 f5 19. f3 f4 20. Re2 Nd6 21. c4
a6 22. Bb4 Bf6 23. Bc5 b6 24. Bxd6 cxd6 25. Nc2 dxc4 26. Bxc4+ d5 27. Bb3 a5
28. a3 Na6 29. Re6 Bd7 30. Rxf6 Rxf6 31. Bxd5+ Kg7 32. Bxa8 Ba4 33. Rc1 Rd6
34. d5 Nc7 35. Nd4 Rd7 36. Rxc7 Kf6 37. Rxd7 Bxd7 38. Bc6 Bc8 39. Nf2 Ke5 40.
Nb5 a4 41. Ng4+ Kf5 42. d6 h5 43. d7 Bxd7 44. Bxd7+ Kg6 45. Ne5+ Kf6 46. Nc4
Ke7 47. Nxb6 g4 48. Kf2 g3+ 49. hxg3 fxg3+ 50. Kxg3 Kd8 51. Kf4 Ke7 52. Ke5 h4
53. Nc7 Kd8 54. Kd6 h3 55. Ne6# 1-0

[Event "23rd Hampstead: U2200"]
[Site "London, England"]
[Date "2014.11.30"]
[Round "5"]
[White "Mospan, Edward"]
[Black "Isaksen, Peter A"]
[Result "0-1"]
[WhiteElo "1259"]
[BlackElo "1540"]

1. f4 d5 2. e3 Nc6 3. Nf3 Bg4 4. Be2 Nf6 5. b3 e6 6. Bb2 Bb4 7. O-O O-O 8. a3
Ba5 9. b4 Bb6 10. c3 Ne7 11. a4 a5 12. b5 Ng6 13. Nd4 Bxe2 14. Nxe2 Ng4 15. h3
Bxe3+ 16. Kh1 Nf2+ 17. Rxf2 Bxf2 18. d4 Bh4 19. Nd2 c6 20. b6 Qxb6 21. Rb1 Qc7
22. Qf1 Be7 23. Bc1 Rfb8 24. Nf3 b5 25. axb5 Rxb5 26. Ra1 a4 27. c4 dxc4 28.
Nc3 Rba5 29. Qxc4 c5 30. Nxa4 Qc6 {#R} 0-1

[Event "23rd Hampstead: U2200"]
[Site "London, England"]
[Date "2014.11.30"]
[Round "5"]
[White "Desai, Nilomi"]
[Black "Samadov, Samir"]
[Result "0-1"]
[WhiteElo "1405"]
[BlackElo "1600"]

1. d4 e6 2. c4 Nf6 3. Nf3 d5 4. g3 c5 5. b3 dxc4 6. bxc4 cxd4 7. Bg2 Bc5 8.
O-O O-O 9. Qc2 Nc6 10. Bb2 e5 11. Rd1 Re8 12. e3 Nb4 13. Qb3 a5 14. a4 Bf5 15.
Na3 Be4 16. exd4 exd4 17. Nxd4 Qb6 18. Rac1 Rad8 19. Qc3 Nd3 20. Rxd3 Bxd3 21.
Qxd3 Qxb2 22. Rd1 Rxd4 23. Qb1 Rxd1+ 24. Qxd1 Qxf2+ 25. Kh1 Re1+ 26. Qxe1
Qxe1+ 27. Bf1 Qxf1# 0-1

[Event "23rd Hampstead: U2200"]
[Site "London, England"]
[Date "2014.11.30"]
[Round "5"]
[White "Sanitt, Leo"]
[Black "Goldsmith, Jennifer"]
[Result "1-0"]
[WhiteElo "1520"]
[BlackElo "1480"]

1. e4 c6 2. d4 d5 3. e5 Bf5 4. h4 e6 5. g4 Be7 6. gxf5 exf5 7. Nf3 Nd7 8. Bd3
g6 9. c3 Qb6 10. Qb3 Qc7 11. Bf4 Qc8 12. Nbd2 Nb6 13. Qc2 Qe6 14. a4 a5 15.
Qb3 c5 16. Qb5+ Kd8 17. dxc5 Nd7 18. Nd4 Qa6 19. Qxa6 bxa6 20. Nc6+ Kc8 21.
Nxe7+ Nxe7 22. b4 axb4 23. cxb4 Nc6 24. Rb1 Ndxe5 25. Bxe5 Nxe5 26. Be2 Re8
27. O-O Nc6 28. Bf3 Rd8 29. Nc4 Rb8 30. Nb6+ Kc7 31. Nxd5+ Kc8 32. Nb6+ Kc7
33. Bxc6 Kxc6 34. Rfd1 Rxd1+ 35. Rxd1 Rb7 36. Rd6+ Kc7 37. Rd7+ Kc6 38. Rxb7
Kxb7 39. b5 axb5 40. axb5 h6 41. f4 h5 42. Nd5 Kb8 43. c6 Kc8 44. b6 Kb8 45.
c7+ Kc8 46. Ne7+ {#r} 1-0

[Event "23rd Hampstead: U2200"]
[Site "London, England"]
[Date "2014.11.30"]
[Round "5"]
[White "Gee Grant, Aimee"]
[Black "Sanitt, Ethan"]
[Result "0-1"]
[WhiteElo "1225"]
[BlackElo "1582"]

1. e4 e5 2. f4 d5 3. d3 dxe4 4. dxe4 Qxd1+ 5. Kxd1 Nc6 6. Nf3 Bg4 7. Bb5
O-O-O+ 8. Nbd2 Nd4 9. Bc4 Nxf3 10. gxf3 Bxf3+ 11. Ke1 Bxh1 12. Bxf7 exf4 13.
Kf1 f3 14. Be6+ Kb8 15. Kg1 Bg2 16. Bg4 Bc5# 0-1

[Event "23rd Hampstead: U2200"]
[Site "London, England"]
[Date "2014.11.30"]
[Round "5"]
[White "Gladstone, Joel"]
[Black "Shah, Tej"]
[Result "1-0"]
[WhiteElo "1575"]
[BlackElo "1555"]

1. f4 Nc6 2. Nf3 Nf6 3. e3 g6 4. b3 Bg7 5. Bb2 O-O 6. Be2 d6 7. O-O Bf5 8. Nh4
Bd7 9. d3 e5 10. Qe1 exf4 11. exf4 Re8 12. Nf3 Qe7 13. Nc3 Nh5 14. Qd2 Bxc3
15. Qxc3 f6 16. Rae1 Nxf4 17. Bd1 Ne5 18. Kh1 Qf7 19. d4 Nxf3 20. Rxe8+ Rxe8
21. Bxf3 c6 22. h3 d5 23. Kh2 Ne2 24. Qd2 Qe7 25. Bxe2 Qxe2 26. Qf4 Rf8 27.
Rf2 Qe4 28. Qd6 Bf5 29. Ba3 Rf7 30. Qd8+ Kg7 31. c3 Qe1 32. Rf3 Be4 33. Rg3
Bf5 34. Qb8 h5 35. Qf4 Qe2 36. Qxf5 g5 37. Bc1 Qxa2 38. h4 g4 39. Qxh5 Kf8 40.
Re3 Re7 41. Qh8+ Kf7 42. Qh7+ Kf8 43. Qxe7+ Kg8 44. Qe8+ Kh7 45. Re7# 1-0